| 000 | 00602nam a22002057a 4500 | ||
|---|---|---|---|
| 999 |
_c20664 _d20664 |
||
| 003 | AR-CdUCM | ||
| 008 | 190423b ||||| |||| 00| 0 eng d | ||
| 040 |
_aMUNICIPALIDAD PROVINCIAL DEL CUSCO _cBIBLIOTECA MUNICIPAL DEL CUSCO |
||
| 082 |
_aPI / 376.1 / _bD73 |
||
| 100 |
_aDick King, Smith _943201 |
||
| 245 | _aAll pigs are beautiful / | ||
| 260 |
_aChina : _bWalker book, _c2008.. |
||
| 300 |
_a29 páginas ; _c28 cm _bIlustrado |
||
| 505 | _aContenido : Cuento. | ||
| 650 |
_aCuento _94671 |
||
| 650 |
_ainfantil _96210 |
||
| 700 |
_aJeram, Anita _943202 |
||
| 942 |
_2ddc _cLIBROS |
||
| 945 | _arcc | ||